[Event "ASEAN GM 2nd"]
[Site "Bangkok"]
[Date "2004.07.24"]
[Round "5"]
[White "Zaw, Win Lay"]
[Black "Nay, Oo Kyaw Tun"]
[Result "0-1"]
[WhiteElo "2532"]
[BlackElo "2504"]
[Annotator "Atlas,V"]
[PlyCount "72"]
[EventDate "2004.07.22"]
[EventType "tourn"]
[EventRounds "10"]
[EventCountry "THA"]
[EventCategory "12"]
[SourceTitle "CBM 103"]
[Source "ChessBase"]
[SourceDate "2004.11.11"]
[SourceVersion "1"]
[SourceVersionDate "2004.11.11"]
[SourceQuality "1"]

1. d4 f5 2. Nf3 Nf6 3. g3 e6 4. Bg2 d5 5. O-O Bd6 6. c4 c6 7. Nc3 O-O 8. c5 Bc7
9. Bf4 Bxf4 10. gxf4 Ne4 11. Qc2 b6 12. b4 Ba6 13. Rfe1 Nd7 14. a4 bxc5 15.
dxc5 Qf6 16. Ra3 Rab8 17. b5 Bb7 18. e3 Rbc8 19. Nd4 Nexc5 20. bxc6 Bxc6 21.
Ncb5 Bxb5 22. axb5 Ne4 23. Qa2 Ndc5 24. Rf1 Kh8 25. Rxa7 g5 26. fxg5 Nxg5 27.
f4 Nge4 28. Qa1 Rb8 29. Rc7 $2 ({More prudent} 29. Rb1 Rg8 $140 30. Nc6 Qxa1
31. Raxa1 Rb7 32. Ra7 {was to be preferred.}) 29... Rg8 30. Nc6 $2 (30. Ra7 {
was definitely a better choice in the position.}) {[%tqu "En","White intends
to exchange queens and defend the slightly inferior. Yet, the black queen is
still on the board, and Black has a good opportunity to decide the game by a
brilliant combination. Can you find it?","Eliminate the key defender of the
enemy king.","Use your g8-rook for the decisive strike!","g8g2","This terrific
blow decides the game for Black.",6]} 30... Rxg2+ $1 {[%csl Ra1,Gb8,Ge4,Rf1,
Gf6,Rg1,Gg2] A nice winning move, crowining Black's attack.} 31. Kxg2 Rg8+ 32.
Kh3 ({Or} 32. Kh1 Nf2+ {, with mate in two.}) 32... Nf2+ $1 {This knight
thrust, exploiting a shaky position of the white queen, makes White's further
resistance senseless.} 33. Rxf2 Qxa1 34. Ne5 Ne4 35. Nf7+ Kg7 36. Rg2+ Kf8 0-1

[Event "RUS-ch"]
[Site "Elista"]
[Date "1996.??.??"]
[Round "5"]
[White "Fominyh, Alexander"]
[Black "Shcherbakov, Ruslan"]
[Result "1-0"]
[WhiteElo "2535"]
[BlackElo "2555"]
[Annotator "Belov,I"]
[PlyCount "103"]
[EventDate "1996.10.15"]
[EventType "swiss"]
[EventRounds "11"]
[EventCountry "RUS"]
[SourceTitle "CBM 056"]
[Source "ChessBase"]
[SourceDate "1997.02.01"]
[SourceVersion "1"]
[SourceVersionDate "1997.02.01"]
[SourceQuality "1"]

1. d4 d5 2. c4 e6 3. Nf3 c6 4. g3 f5 5. Bg2 Nf6 6. O-O Bd6 7. Ne5 $5 O-O 8. Bf4
Nh5 (8... Ng4 $5 9. Nxg4 Bxf4 10. gxf4 fxg4 11. e3 Qh4 12. Qe1 Rf6 13. f3 $10 {
Gelfand,B-Nikolic,Pr/Sarajevo(m/1)/1991/0,5/31/}) 9. e3 Nxf4 10. exf4 Nd7 (
10... Bxe5 11. dxe5 $1 b6 12. Nd2 Bb7 13. cxd5 cxd5 14. Nc4 Ba6 15. Nd6 $1 Nd7
(15... Bxf1 16. Bxd5 exd5 17. Qxd5+ Kh8 18. Nf7+ $18) 16. Re1 Nc5 17. Qf3 Ne4
18. Qa3 $1 $36 {Milov,V-Relange,E/Buenos-Aires/1992/1:0/29/}) 11. Nxd7 $5 {N/}
(11. Nd2 Nxe5 (11... Nf6 $6 12. c5 Bc7 13. b4 Bd7 14. Qe2 Be8 15. Nd3 $1 Bd7
16. Nf3 h6 17. Nfe5 $16 {Petrosian,A-Knaak,R/Yerevan/1988/1:0/42/}) 12. fxe5
Be7 13. Rc1 f4 14. Nf3 Bd7 15. Ne1 Qb6 16. c5 Qa5 17. a3 Rf7 18. Nd3 Bg5 19.
Rc3 {Khalifman,A-Bareev,E/Lvov/1990/0,5/}) 11... Qxd7 (11... Bxd7 12. Nd2 Be8
13. Re1 Qd7 14. Qe2 Bf7 $14) 12. Nd2 b6 13. Qb3 (13. Qa4 $5) 13... h6 14. Rfe1
Bb7 15. Nf3 $14 Rad8 16. Qa4 $1 Ba8 (16... a5 17. a3 Bc7 18. Rac1 $36) 17. cxd5
exd5 (17... cxd5 18. Qxd7 Rxd7 19. Rxe6 $16) 18. Ne5 Bxe5 (18... Qc7 19. Rac1
Bxe5 20. fxe5 $14) 19. fxe5 f4 $6 (19... Rfe8 20. f4 Re7 $14) 20. e6 $1 Qe7 21.
Re5 Rf6 (21... Rde8 $5 22. Rae1 Qd6 23. b4 Re7 $16) 22. Rae1 Re8 23. b4 $16
Ref8 (23... Qd6 24. Rxd5) 24. a3 fxg3 25. fxg3 Rf2 26. Qb3 Bb7 27. Qe3 R2f6 28.
h4 Ba6 29. Qc3 Bc4 (29... Bb7 $5) 30. Qc2 b5 31. R1e3 a6 (31... g6 $22 32. Bh3
h5) 32. Bh3 g6 (32... Kh8 33. Bf5 Kg8 34. g4 $40) 33. h5 $1 Bf1 $6 (33... gxh5
34. Rxh5 Qg7 (34... Kg7 35. Bf5 Kg8 36. g4 Re8 37. Reh3 Qg7 38. Qd2 $18) 35. e7
Re8 36. Rhe5 Rd6 (36... Rf7 37. Be6 Rexe7 38. Bxf7+ Rxf7 39. Re8+ Rf8 40. Qf5
$18) 37. Qf5 $36) 34. Bxf1 Rxf1+ 35. Kg2 R1f6 36. Qxc6 Rf2+ 37. Kh3 gxh5 38.
Qxd5 Rd2 39. Rf5 Rxd4 40. Qe5 $1 (40. Rxf8+ Qxf8 41. Qxd4 Qf1+ 42. Kh2 Qf2+ 43.
Kh3 Qf1+ 44. Kh2 (44. Kh4 $4 Qh1#) 44... Qf2+ $10) 40... Rd1 (40... Rxf5 41.
Qxf5 Rd8 42. Qg6+ Qg7 43. e7 $18) 41. Ref3 Re8 (41... Rxf5 42. Qxf5 Re1 43.
Qg6+ Qg7 (43... Kh8 44. Qxh6+ Kg8 45. Qg6+ Kh8 46. Qxh5+ Kg8 47. Qg6+ Kh8 48.
Rf7 Rh1+ 49. Kg4 $18) 44. Qe8+ $18) 42. Rf6 Qg7 43. Qf5 Qg4+ $8 44. Qxg4+ hxg4+
45. Kxg4 Re1 46. Rg6+ Kh7 47. Rff6 Rg8 $8 (47... Rh1 48. Kf5 Rf1+ 49. Ke5 Rh1
50. Kd6 Rd1+ 51. Kc6 $18) 48. Rxg8 Kxg8 49. Kf5 $18 h5 (49... Kg7 50. Rf7+ Kg8
51. Kf6) 50. Kg6 $1 a5 (50... Re3 51. Kh6 Re5 52. e7 Rxe7 53. Rxa6 Re5 54. Kg6
Kf8 55. Kf6 Re8 56. Rb6 $18) 51. bxa5 Re3 52. Kh6 (52. Kh6 Rxg3 53. e7 $18) 1-0

[Event "RUS-ch"]
[Site "Elista"]
[Date "1996.??.??"]
[Round "4"]
[White "Zakharevich, Igor"]
[Black "Ulybin, Mikhail"]
[Result "1-0"]
[WhiteElo "2485"]
[BlackElo "2550"]
[Annotator "Belov,I"]
[PlyCount "83"]
[EventDate "1996.10.15"]
[EventType "swiss"]
[EventRounds "11"]
[EventCountry "RUS"]
[SourceTitle "CBM 056"]
[Source "ChessBase"]
[SourceDate "1997.02.01"]
[SourceVersion "1"]
[SourceVersionDate "1997.02.01"]
[SourceQuality "1"]

1. d4 e6 2. c4 f5 3. Nf3 Nf6 4. g3 d5 5. Bg2 c6 6. O-O Bd6 7. Bf4 Bxf4 8. gxf4
O-O 9. Ne5 Nbd7 (9... Nfd7 10. Nd2 Nxe5 11. dxe5 Qe7 12. Rc1 Na6 13. a3 Rd8 14.
b4 Bd7 15. Rc3 Be8 16. Qc2 $14 {Beliavsky,A-Cseshkovsky,V/YUG/1992/}) 10. e3 (
10. Nd2 Ne4 11. Ndf3 Ndf6 12. e3 Bd7 13. Ng5 (13. Qc2 $14) 13... Qe7 14. f3 Nd6
15. c5 Nb5 16. Qb3 Rab8 17. a4 Nc7 $14 {Notkin,M-Gleizerov,E/Podolsk/1993/0,5/
28/}) 10... Ne4 (10... Nxe5 11. dxe5 $1 (11. fxe5 Ng4 12. Nd2 Bd7 13. h3 Nh6
14. f4 Be8 15. Kh2 Kh8 16. Qe2 g5 17. fxg5 Qxg5 18. Qf2 Bh5 $10 {Beliavsky,
A-Salov,V/Vilnius/1987/}) 11... Ng4 12. h3 Nh6 13. Nd2 Bd7 14. Nf3 Qe7 15. Rc1
Rac8 16. Qb3 b6 17. Rc3 Nf7 18. Rfc1 $16 {Zakharevic,I-Zarubin,P/Voronez/1991/
1:0/33/}) 11. f3 (11. Nd2 Nxe5 12. dxe5 Bd7 (12... Nxd2 13. Qxd2 Bd7 $10) 13.
Qe2 (13. Nf3 $142) 13... Nxd2 $10 {Mikhalchishin,A-Dreev,A/Pavlodar/1987/})
11... Nd6 12. c5 Nxe5 13. fxe5 Nf7 14. Nc3 f4 (14... g5 $5 15. Ne2 Kh8 16. f4
g4 $13 {Shabalov,A-Glek,I/URS/1987/}) 15. e4 Qh4 16. b4 Bd7 17. Qe1 $14 Qh6 (
17... Qxe1 18. Rfxe1 Rfe8 (18... b6 19. exd5 cxd5 20. Bf1 $1 $16) 19. a4 b6 20.
Bf1 g5 21. Kf2 $14) 18. b5 (18. a4 a6 19. Qe2 Ng5 20. Kh1 $16) 18... dxe4 $1
19. Qxe4 (19. Nxe4 cxb5 20. Nd6 Bc6 $132) (19. fxe4 Ng5 $132) 19... Ng5 20. Qe2
Rad8 21. a4 Be8 22. Rad1 Rf5 $6 (22... Bg6 23. a5 Bf5 24. a6 $16) (22... Rf7 $5
23. a5 Rfd7 24. Qc4 a6 $1) 23. Rf2 Rf7 24. a5 cxb5 25. Nxb5 Bxb5 (25... Rfd7
26. Nd6 Bg6 27. a6 $16) 26. Qxb5 Qg6 27. Kh1 Rc7 $6 (27... a6 $1 28. Qb6 Rfd7
29. Rfd2 Qh5 $132) 28. a6 $1 bxa6 29. Qa5 Rcc8 (29... Rcd7 $2 30. c6 Rxd4 31.
Qxd8+ Rxd8 32. Rxd8+ Kf7 33. c7 $18) 30. Rfd2 h5 $6 (30... Qh5 31. Rd3 Qf7 32.
Qxa6 Qd7 $5) 31. h4 $1 $16 (31. Qxa6 h4 32. h3 Rc7 $132) 31... Nh7 32. Qxa6 Nf8
(32... Qf5 33. Kh2 Nf8 34. Bh3 $16) 33. Bh3 Qg3 $6 (33... Qf7 $16) 34. Bxe6+
Nxe6 35. Qxe6+ Kh8 36. Rf1 Qxh4+ 37. Rh2 Qg5 38. Qf7 $18 h4 (38... g6 39. Rg1
Qh6 40. Rxg6 Qh7 41. Qxh7+ Kxh7 42. Rg5 Rc6 43. Rgxh5+ Kg7 44. Rh7+ $18) 39.
Rg1 Qh6 40. Rg6 Qh7 41. Rxg7 Qh6 42. Rg6 (42. Rg6 Qh7 (42... Qh5 43. Rg8+ $18)
43. Qxh7+ Kxh7 44. Rg4 Rc6 45. Rhxh4+ Rh6 46. Rxf4 $18) 1-0

[Event "RUS-chT2"]
[Site "Podolsk"]
[Date "1993.??.??"]
[Round "?"]
[White "Notkin, Maksim"]
[Black "Gleizerov, Evgeny"]
[Result "1/2-1/2"]
[WhiteElo "2360"]
[BlackElo "2555"]
[Annotator "Belov,I"]
[PlyCount "55"]
[EventDate "1993.??.??"]
[EventType "team"]
[EventRounds "9"]
[EventCountry "RUS"]
[SourceTitle "CBM 038"]
[Source "ChessBase"]
[SourceDate "1994.02.01"]
[SourceVersion "1"]
[SourceVersionDate "1994.02.01"]
[SourceQuality "1"]

1. d4 e6 2. c4 f5 3. Nf3 Nf6 4. g3 d5 5. Bg2 c6 6. O-O Bd6 7. Bf4 Bxf4 (7...
O-O 8. Bxd6 Qxd6 9. Qc2 b6 10. Na3 $1 Na6 11. Rac1 Bb7 12. cxd5 cxd5 13. Nb5
Qe7 14. Qa4 Ne8 15. Rc3 Nec7 16. Nxc7 Nxc7 17. h3 $1 Rfc8 18. g4 g6 19. gxf5
gxf5 20. Ne5 $16 {Beliavsky,A-Bareev,E Minsk 1987/}) 8. gxf4 O-O 9. Ne5 (9. Qc2
Ne4 (9... Bd7 10. Nbd2 Be8 11. b4 Ne4 12. Rab1 Bh5 13. b5 Nxd2 14. Qxd2 Bxf3
15. Bxf3 Nd7 16. bxc6 bxc6 17. c5 Rf6 18. Rb3 Rh6 $13 {Fedorowicz,J-Knaak,R
Wijk aan Zee 1988/}) 10. Ne5 Nd7 11. Nd2 Nxe5 12. dxe5 Nxd2 13. Qxd2 Qe7 14.
Rac1 Rd8 15. Rfd1 Bd7 {Cifuentes Parada,R-Moskalenko,V 1991 Inf 53/107; 16.b4+/
=/}) (9. Nbd2 Bd7 (9... Nbd7 10. b4 $5 a5 11. a3 axb4 12. axb4 Rxa1 13. Qxa1
dxc4 14. Nxc4 Nd5 15. e3 Nxb4 16. Rb1 Nd5 17. Qa3 N7f6 18. Nfe5 $44 {Olafsson,
H-Chandler,M Hastings 1990/}) 10. Qb3 b5 $6 11. c5 a5 12. Ne5 Be8 13. Kh1 Ra7
14. Rg1 $14 {Levitt,J-Tisdall,J London 1990 Inf 50/114/}) (9. e3 Bd7 (9... Ne4
10. Nbd2 Nd7 11. Nxe4 fxe4 12. Ng5 Nf6 13. f3 h6 14. Nh3 exf3 15. Qxf3 Ne4 16.
Qe2 Nd6 $1 $11 {Levitt,J-Porper,E Badeweiler 1990 Inf 50/113/}) (9... Nbd7 10.
Ne5 Nxe5 (10... Qe7 11. Qc2 Nxe5 12. dxe5 Ng4 13. h3 Nh6 14. Nd2 Nf7 15. Nf3 h6
16. Nd4 $16 {Mikhalchishin,A-Tibensky,R Trnava 1989/}) 11. dxe5 $1 Nd7 (11...
Ne4 12. b4 Qb6 13. a3 a5 14. c5 Qa7 15. f3 axb4 16. fxe4 Qxc5 17. Qd2 $16) 12.
Nd2 Qe7 13. Rc1 Rd8 14. Qc2 Nf8 15. Nb3 Ng6 16. cxd5 cxd5 17. Nd4 Nh4 18. Bh3
$16 {Beliavsky,A-Van Der Wiel,J Amsterdam 1990 Inf 50/112/}) 10. Qb3 Qb6 11.
Nc3 Be8 12. Qc2 Na6 13. a3 Qd8 14. Kh1 Bh5 15. Ne5 $14 {Lobron,E-Hort,V
Munchen 1991 Inf 51/97/}) 9... Nbd7 (9... Nfd7 10. Nd2 Nxe5 (10... Qb6 $5 11.
cxd5 exd5 12. Nb3 a5 $13) 11. dxe5 Qe7 12. Rc1 Na6 13. a3 Rd8 14. b4 Bd7 15.
Rc3 Be8 16. Qc2 $14 {Beliavsky,A-Cseshkovsky,V Jugoslavia1992 Inf 55/110/}) 10.
Nd2 $5 (10. e3 Ne4 11. Nd2 (11. f3 Nd6 12. c5 Nxe5 $1 13. fxe5 Nf7 14. Nc3 g5
$1 15. Ne2 Kh8 16. f4 g4 $132 {Shabalov,A-Glek,I SSSR 1987/}) 11... Nxe5 12.
dxe5 Bd7 13. Qe2 Nxd2 $11 {Mikhalchishin,A-Dreev,A Pavlodar 1987/}) 10... Ne4
11. Ndf3 $1 $14 Ndf6 (11... Nxe5 12. Nxe5 Bd7 13. e3 Be8 14. Bxe4 fxe4 15. Qg4
$16) 12. e3 Bd7 13. Ng5 $5 (13. Qc2 Be8 14. b4 Bh5 15. a4 Bxf3 16. Bxf3 $14)
13... Qe7 (13... Nxg5 14. fxg5 Ne4 15. h4 Be8 16. Bxe4 fxe4 17. f4 $16) 14. f3
Nd6 (14... Nxg5 15. fxg5 Ne8 16. f4 Nd6 17. Qc2 $16) 15. c5 Nb5 16. Qb3 (16.
Kh1 $5 Be8 17. Rg1 $16) 16... Rab8 17. a4 Nc7 18. Qc3 Be8 19. Nh3 Nd7 20. Nxd7
Qxd7 21. Nf2 (21. Rad1 $16) 21... e5 $3 22. fxe5 (22. dxe5 d4 23. Qxd4 (23.
exd4 $6 Ne6 24. Rad1 Nxf4 $15) 23... Qxd4 24. exd4 Ne6 25. Rad1 Rd8 $44) 22...
f4 23. Nh3 (23. exf4 Bg6 $1 24. Qe3 Ne6 25. Bh3 Bf5 $44) 23... fxe3 24. Qxe3
Qf5 $44 25. f4 Ne6 26. Ng5 Nxf4 27. Ne6 Qxe6 28. Rxf4 1/2-1/2

[Event "Yerevan op"]
[Site "Yerevan"]
[Date "1996.??.??"]
[Round "7"]
[White "Sturua, Zurab"]
[Black "Vaisser, Anatoli"]
[Result "1-0"]
[WhiteElo "2540"]
[BlackElo "2565"]
[Annotator "Belov,I"]
[PlyCount "121"]
[EventDate "1996.??.??"]
[EventType "swiss"]
[EventRounds "11"]
[EventCountry "ARM"]
[SourceTitle "CBM 052 Extra"]
[Source "ChessBase"]
[SourceDate "1996.07.01"]
[SourceVersion "1"]
[SourceVersionDate "1996.07.01"]
[SourceQuality "1"]

1. d4 e6 2. c4 f5 3. g3 Nf6 4. Bg2 d5 5. Nf3 c6 6. O-O Bd6 7. b3 Qe7 8. Bb2 b6
9. Ne5 Bb7 10. Nd2 O-O 11. Rc1 a5 12. e3 Na6 (12... Ne4 13. Ndf3 Nd7 (13... Rd8
14. Nd3 Na6 15. Nfe5 Rac8 16. f3 Nf6 17. Qe2 c5 $13 {Portisch,L-Nikolic,P/
Debrecen/1992/}) 14. Nd3 Rac8 15. Nfe5 Nxe5 16. dxe5 Ba3 17. f3 Bxb2 18. Nxb2
Nc5 19. Qc2 $14 {Lautier,J-Dolmatov,S/Manila(izt)/1990/}) 13. Qe2 $1 (13. Qc2
b5 (13... Ne4 14. Rfd1 c5 15. Ndf3 Nb4 16. Qb1 a4 17. Nd3 axb3 18. Nxb4 cxb4
19. axb3 Ra5 $15 {Delemarre,J-Glek,I/Sonnevanck/1995/1:0/36/}) 14. cxb5 cxb5
15. Rfd1 b4 16. Bf1 Rfc8 17. Qb1 Ne4 18. Nxe4 fxe4 $15 {Van Gisberg,S-Ulibin,M/
Mamaia/1991/0:1/42/}) 13... a4 {N/} (13... Rac8 14. Rfd1 (14. cxd5 cxd5 15. Qb5
Bxe5 16. dxe5 Nd7 17. Rfd1 $16 {Chuchelov,V-Elbila,J/GER/1992/1;0/52/}) 14...
c5 15. cxd5 exd5 16. Qb5 $1 Bxe5 $6 17. dxe5 Nd7 18. Bxd5+ $1 Bxd5 19. Qxa6
Nxe5 20. Bxe5 Qxe5 21. Qxb6 $16 {Tukmakov,V-Haba,P/Haifa/1989/1:0/33/}) 14.
bxa4 (14. cxd5 cxd5 15. Qb5 Nb4 16. Qxb6 Ba6 17. Rfd1 Rfb8 $13) 14... Bxe5 (
14... Nc7 15. Qd1 $14 (15. cxd5 cxd5 16. Nc6 Qe8)) 15. dxe5 Nd7 16. a5 $1 (16.
cxd5 cxd5 17. Qb5 Nac5 $132) 16... Nac5 (16... bxa5 17. Nb3 Nac5 (17... a4 18.
Na5) 18. Ba3 a4 19. Nxc5 Nxc5 20. cxd5 $18) 17. Nb3 Ba6 $6 (17... Nxb3 18. axb3
Rxa5 $14) 18. Rfd1 Bxc4 (18... Nxb3 19. axb3 bxa5 20. Qd2 $16) 19. Rxc4 $1 dxc4
20. Qxc4 Nxb3 (20... bxa5 21. Ba3) 21. axb3 Rxa5 (21... bxa5 22. Qxc6 Rad8 23.
Rd6 Nb8 (23... Rfe8 24. Rxe6 Qxe6 25. Bd5 $18) 24. Qb6 Rxd6 25. exd6 Qd7 26.
Be5 Rc8 27. Bf3 $16) 22. Qxc6 Nb8 (22... Nxe5 23. Qxb6 Qc5 24. Qxe6+ (24. Qxc5
Rxc5 25. Ba3 Rfc8 26. Bxc5 Rxc5 27. Bf1 $16) 24... Nf7 25. Rd7 $16) (22... Rd8
23. Rd6 Nf8 24. Qxb6 Rxd6 25. exd6 Qa7 26. Qc6 $16) 23. Qxb6 Ra6 24. Qb5 $16
Qc7 25. Rc1 Rb6 (25... Qd7 26. Qxd7 Nxd7 27. Rc7 Nb8 28. Bd4 $16) 26. Qa4 Qd7
27. Bd4 $1 (27. Qxd7 Nxd7 28. Rc7 Rxb3) 27... Qxa4 $8 28. bxa4 Ra6 29. Rc4 Rf7
(29... Nd7 30. Bb7 Ra5 31. Rc7 Nxe5 32. Bc3 $18) 30. Kf1 (30. Rc8+ Rf8) 30...
g5 31. Ke2 Kg7 (31... f4 32. exf4 gxf4 33. g4 Kg7 34. Be4 $16) 32. Kd3 Nd7 (
32... f4 33. exf4 gxf4 34. Be4) 33. Bb7 (33. f4 $142) 33... Ra5 34. Bc6 $2 (34.
f4 $16) 34... Kg6 $2 (34... Nxe5+ 35. Kc3 Kf8 $13) 35. Bb5 $18 Ra8 36. Kc3 Rb8
37. Rc6 Re7 38. Kb4 Kf7 39. a5 Ra8 40. Rd6 Nb8 41. Bc4 $5 (41. a6 Nxa6+ 42.
Bxa6 Rb8+ 43. Bb6 g4 44. Kc5 h5 45. Kc6 $18) 41... g4 42. Kb5 h5 43. Bb6 Nd7
44. Bd4 Rb8+ $6 (44... Nb8) 45. Ka4 Nf8 46. a6 Rc7 47. Bb3 Ra8 48. Ka5 Rb8 49.
Ba4 Ng6 50. Rd7+ $1 Rxd7 51. Bxd7 Ne7 52. a7 Rd8 53. Bb5 Ra8 54. Ka6 Rd8 55.
Kb7 Nd5 56. Ba4 (56. a8=Q $4 Rxa8 57. Kxa8 Nc7+ 58. Kb7 Nxb5 $10) 56... Nb4 57.
a8=Q Rxa8 58. Kxa8 Nd3 59. e4 f4 60. Bb5 Ne1 61. Be2 1-0

[Event "Bodensee op"]
[Site "Bregenz"]
[Date "2016.05.05"]
[Round "6"]
[White "Nikolic, Predrag"]
[Black "Gleizerov, Evgeny"]
[Result "1-0"]
[WhiteElo "2622"]
[BlackElo "2508"]
[Annotator "Besenthal,K"]
[PlyCount "121"]
[EventDate "2016.04.30"]
[EventType "swiss"]
[EventRounds "9"]
[EventCountry "AUT"]
[SourceTitle "CBM 172 Extra"]
[Source "ChessBase"]
[SourceDate "2016.06.21"]
[SourceVersion "1"]
[SourceVersionDate "2016.06.21"]
[SourceQuality "1"]

1. d4 e6 2. c4 f5 3. g3 Nf6 4. Bg2 d5 5. Nf3 Bd6 6. O-O c6 7. Qc2 O-O 8. Nc3
Bd7 9. a3 Ne4 10. Nxe4 fxe4 11. Ng5 Be7 12. Nh3 Be8 13. f3 exf3 14. Rxf3 Bf6
15. Be3 Bg6 16. Qc3 Be4 17. Rff1 Bxg2 18. Kxg2 Nd7 19. Bg1 Nb6 20. c5 Nd7 21.
e4 dxe4 22. Qb3 Rf7 23. Rae1 Nf8 24. Nf4 Qd7 25. Rxe4 Re8 26. Rfe1 Rfe7 27. h4
Kh8 28. Qf3 Rf7 29. Qe2 Rfe7 30. Bf2 g6 31. Nd3 Qd5 32. Nb4 Qd7 33. Rd1 Bg7 34.
Be3 a5 35. Nd3 Qd5 36. Bg5 Rf7 37. Kh2 Qb3 38. Bf4 Nd7 39. Bd6 Kg8 40. Re1 Nf6
41. Rf4 {Diagramm [#]} h5 $2 {Immer wieder merkwürdig, wenn einem erfahrenen
Großmeister solch ein Fehler unterläuft...} (41... Bh6 $1) 42. Ne5 Ng4+ 43.
Rxg4 hxg4 (43... Bxe5 44. Rxg6+ Bg7 45. Be5 Ree7 46. g4 $1 {wäre hoffnungslos
gewesen.}) 44. Nxf7 Kxf7 45. Rf1+ Kg8 46. Rf4 Kh7 47. Rxg4 Qd5 {Diagramm [#]}
48. Rg5 $2 ({Nach} 48. Qe4 $1 {hätte Weiß einem ungefährdeten Sieg
entgegengesehen.}) 48... Qxd4 49. Kh3 {Diagramm [#]} Qxb2 $2 (49... Bf6 50. Be5
Bxe5 51. Rxe5 Kg7 {hätte Schwarz h4-h5 verhindern können, was wohl das Gebot
der Stunde gewesen wäre.}) 50. Qd3 Qf6 51. Be5 Rd8 52. Qb1 Qf7 53. h5 Kh8 54.
Bxg7+ Qxg7 55. Rxg6 Qf7 {Diagramm [#]} 56. Qe4 $2 {Den Damentausch hätte
Weiß besser vermieden.} Qf5+ 57. Qxf5 exf5 58. Rd6 Re8 59. Kh4 {Diagramm [#]}
Re4+ $2 ({Mit} 59... Re3 $1 {hätte Schwarz am Damenflügel einen Freibauern
erhalten.}) 60. Kg5 Rg4+ 61. Kh6 (61. Kh6 Rg8 (61... Rxg3 62. Rd8+ Rg8 63.
Rxg8+ Kxg8 64. Kg5) 62. Rf6) 1-0

[Event "Capablanca Memorial-A 21st"]
[Site "Havana"]
[Date "1986.05.31"]
[Round "9"]
[White "Boensch, Uwe"]
[Black "Ivkov, Borislav"]
[Result "1-0"]
[WhiteElo "2475"]
[BlackElo "2525"]
[Annotator "Boensch,U"]
[PlyCount "45"]
[EventDate "1986.05.20"]
[EventType "tourn"]
[EventRounds "13"]
[EventCountry "CUB"]
[EventCategory "10"]
[SourceTitle "MCL"]
[Source "ChessBase"]
[SourceDate "1999.07.01"]
[SourceVersion "1"]
[SourceVersionDate "1999.07.01"]
[SourceQuality "1"]

{SCHACH 9/1986 Seite 15} 1. d4 e6 2. c4 Bb4+ 3. Bd2 Qe7 4. g3 ({In einer
Partie Gligoric,S-Ivkov,B/Wijk aan Zee 1971 folgte} 4. e4 Nf6 5. e5 Ne4 6. Nf3
Nxd2 7. Nbxd2 c5 8. a3 Bxd2+ 9. Qxd2 cxd4 10. Qxd4 Nc6 11. Qe3 b6 {mit
leichtem weißen Vorteil. Darauf schlug Keres 4.....d5 vor, das meines Wissens
aber noch nciht versucht worden ist.}) 4... f5 ({Hier hatte mein Gegner die
Wahl, mit} 4... Nf6 {Bogoljubow-Indisch zu spielen oder in Holländisch
einzulenken.}) 5. Bg2 Nf6 6. Nf3 Bxd2+ 7. Nbxd2 d6 8. O-O O-O 9. Re1 $1 {
Der erste wirklich neue Zug.} ({Nach} 9. Qb3 $6 e5 10. c5+ Kh8 11. cxd6 cxd6
12. e4 fxe4 13. dxe5 dxe5 14. Ng5 Nc6 15. Ngxe4 Nd4 {musste Weiß in der Partie
Peterson-Uusi, UdSSR 1960 um Ausgleich kämpfen.}) 9... e5 10. e4 fxe4 $6 ({
Nach der Partie schlug Ivkov} 10... Nc6 {vor. Doch auch dann hat Schwarz
Schwierigkeiten, z.B.} 11. d5 $1 Nd8 12. exf5 Bxf5 13. Nd4) 11. dxe5 $1 dxe5 ({
Bei} 11... exf3 12. exf6 Qxf6 13. Qxf3 $1 {behauptet Weiß durch seinen
Entwicklungsvorsprung auf jeden Fall Vorteil. Beispielsweise} Qxb2 14. Qd5+ Kh8
15. Rab1 $1 Qf6 (15... Qxa2 16. Re7 {mit Mattangriff.}) 16. Ne4) 12. Nxe4 Nc6
13. Qb3 Nxe4 14. Rxe4 Qf6 15. Rf1 Bf5 16. Re3 Rae8 $2 {Schwarz hat sein
Bauernopfer nicht genügend berechnet.} ({Besser war} 16... Rab8 17. Qc3 Rbe8)
17. c5+ $1 {Ein wichtiges Zwischenschach, welches Dxb7 nebst Dxc7 ermöglicht,
da dann das Feld d6 gedeckt ist.} Kh8 18. Qxb7 Bc8 19. Qxc7 Ba6 20. Rfe1 Re6 {
Die weiße Dame scheint gefangen, doch die schwache gegnerische Grundreihe
lässt sie auftrumpfen.[#]} 21. Ng5 $1 Qxg5 (21... Qxf2+ 22. Kh1 Rh6 23. h4 Nd4
24. Qxe5 Nc2 (24... Nf5 25. Nf7+) 25. Rf3 {verliert ebenfalls.}) 22. Bxc6 Rc8
23. Qxe5 $3 (23. Qxe5 Rxe5 24. Rxe5) 1-0